El alcance económico de las remesas en México : consumo de las familias receptoras (Record no. 169742)
[ view plain ]
| 000 -CABECERA | |
|---|---|
| campo de control de longitud fija | 00669nab a2200205 a 4500 |
| 005 - FECHA Y HORA DE LA ÚLTIMA TRANSACCIÓN | |
| campo de control | 20210219162103.0 |
| 008 - ELEMENTOS DE LONGITUD FIJA--INFORMACIÓN GENERAL | |
| campo de control de longitud fija | 991125s1985 mx 000 0 spa u |
| 035 ## - NÚMERO DE CONTROL DEL SISTEMA | |
| Número de control de sistema | UPN01000197641 |
| 049 ## - COLECCIÓN | |
| Colección | ART |
| 100 1# - ASIENTO PRINCIPAL--NOMBRE PERSONAL | |
| Nombre de persona | De la Rosa Mendoza, Juan Ramiro |
| 222 ## - TÍTULO CLAVE | |
| Título clave | EL COTIDIANO : |
| Información calificativa | REVISTA DE LA REALIDAD MEXICANA ACTUAL |
| 245 ## - MENCIÓN DE TÍTULO | |
| Título | El alcance económico de las remesas en México : consumo de las familias receptoras |
| 300 ## - DESCRIPCIÓN FÍSICA | |
| Extensión | 76-88 |
| 362 0# - FECHAS DE PUBLICACIÓN Y/O DESIGNACIÓN SECUENCIAL | |
| Fecha de publicación y/o designación secuencial | 2006 Año 21, no. 140, nov.-dic. |
| 653 0# - TERMINO DE INDIZACION - NO CONTROLADO | |
| Término no controlado | REMESAS |
| 653 0# - TERMINO DE INDIZACION - NO CONTROLADO | |
| Término no controlado | MIGRANTES MEXICANOS |
| 653 0# - TERMINO DE INDIZACION - NO CONTROLADO | |
| Término no controlado | FAMILIAS RECEPTORAS |
| 856 1# - LOCALIZACIÓN Y ACCESO ELECTRÓNICOS | |
| Identificador Uniforme del Recurso | <a href="http://www.elcotidianoenlinea.com.mx/pdf/14009.pdf">http://www.elcotidianoenlinea.com.mx/pdf/14009.pdf</a> |
| 905 ## - TIPO DE MATERIAL | |
| Tipo de material | Articulo |
No items available.
